000 00505nam a22001931 4500
001 bimo0001344448
003 OSt
005 20140826213007.0
008 960922s1972 sp spa
040 _aSpMaBN
_cBMC
082 _a864.6
100 _9141
_aRamón y Cajal, Santiago
_d1852-1934
245 1 3 _aLa psicología de los artistas
_cSantiago Ramón y Cajal
250 _a3ª ed
260 0 _aMadrid
_bEspasa-Calpe
_c1972
300 _a151 p.
_c18 cm
490 0 _aAustral
_v1200
942 _2ddc
_cBK
999 _c729
_d729